[Event "CRO-chT2 Center 26th"]
[Site "Croatia"]
[Date "2017.04.09"]
[Round "5.63"]
[White "Cvitkovic, Filip"]
[Black "Jukic, Zeljko"]
[Result "1-0"]
[WhiteElo "2081"]
[BlackElo "2257"]
[PlyCount "61"]
[EventDate "2017.03.26"]
[EventType "team-tourn"]
[EventRounds "11"]
[EventCountry "CRO"]
[SourceTitle "EXT 2019"]
[Source "ChessBase"]
[SourceDate "2018.10.10"]
[SourceVersion "1"]
[SourceVersionDate "2018.10.10"]
[SourceQuality "1"]

1. d4 e6 2. c4 d5 3. Nc3 Nf6 4. cxd5 exd5 5. Bg5 Nbd7 6. e3 Bb4 7. Bd3 0-0 8. Nge2 h6 9. Bh4 c6 10. 0-0 Re8 11. Qb3 Bf8 12. Rae1 Nb6 13. a4 Nbd7 14. Nc1 Qb6 15. Qc2 Bb4 16. Nb3 g5 17. Bg3 Nh5 18. e4 Nxg3 19. fxg3 dxe4 20. Qf2 f6 21. Rxe4 Rxe4 22. Nxe4 Be7 23. Nbc5 Qd8 24. Ne6 Qa5 25. h4 Qd5 26. Nc7 Qb3 27. Bc2 Qb6 28. Nxa8 Qd8 29. hxg5 hxg5 30. Nxg5 c5 31. Bh7+ 1-0

[Event "CRO-chT2 Center 26th"]
[Site "Croatia"]
[Date "2017.04.02"]
[Round "3.53"]
[White "Makovec, Bruno"]
[Black "Jukic, Zeljko"]
[Result "0-1"]
[WhiteElo "2248"]
[BlackElo "2257"]
[PlyCount "94"]
[EventDate "2017.03.26"]
[EventType "team-tourn"]
[EventRounds "11"]
[EventCountry "CRO"]
[SourceTitle "EXT 2019"]
[Source "ChessBase"]
[SourceDate "2018.10.10"]
[SourceVersion "1"]
[SourceVersionDate "2018.10.10"]
[SourceQuality "1"]

1. d4 e6 2. c4 d5 3. g3 Nf6 4. Bg2 dxc4 5. Nf3 a6 6. 0-0 b5 7. Ne5 Nd5 8. Nc3 Bb7 9. e4 Nxc3 10. bxc3 Be7 11. Rb1 Qc8 12. a4 c6 13. Qg4 0-0 14. Bh6 g6 15. Bxf8 Bxf8 16. Qf4 f5 17. exf5 exf5 18. Rfe1 Nd7 19. Nxd7 Qxd7 20. Qe5 Kf7 21. axb5 axb5 22. Ra1 Bd6 23. Qe3 Rd8 24. h4 Bc8 25. Qh6 Kg8 26. h5 Bf8 27. Qg5 Qd6 28. hxg6 hxg6 29. Ra7 Rd7 30. Rxd7 Bxd7 31. Qd8 Kf7 32. Ra1 Be7 33. Qb6 f4 34. gxf4 Qxf4 35. Qb7 Qg4 36. Qc7 b4 37. cxb4 Qxd4 38. Qa7 Qxa7 39. Rxa7 c3 40. Be4 Bf5 41. Bxf5 gxf5 42. Ra3 c5 43. bxc5 c2 44. Ra1 Bg5 45. c6 Ke6 46. c7 Kd7 47. c8Q+ Kxc8 0-1

[Event "CRO-chT2 Center 25th"]
[Site "Croatia"]
[Date "2016.09.25"]
[Round "7.52"]
[White "Jukic, Zeljko"]
[Black "Pandurevic, Miro"]
[Result "1/2-1/2"]
[WhiteElo "2250"]
[BlackElo "2300"]
[PlyCount "65"]
[EventDate "2016.03.13"]
[EventType "team-tourn"]
[EventRounds "11"]
[EventCountry "CRO"]
[SourceTitle "EXT 2019"]
[Source "ChessBase"]
[SourceDate "2018.10.10"]
[SourceVersion "1"]
[SourceVersionDate "2018.10.10"]
[SourceQuality "1"]

1. d4 g6 2. c4 Bg7 3. Nc3 d6 4. e4 Nc6 5. Be3 e5 6. d5 Nd4 7. Nge2 Bg4 8. Qd2 Nxe2 9. Bxe2 Bxe2 10. Qxe2 b6 11. 0-0 Nf6 12. b4 a5 13. a3 0-0 14. c5 axb4 15. axb4 bxc5 16. bxc5 Ne8 17. Rxa8 Qxa8 18. Qb2 f5 19. Ra1 Qc8 20. f3 fxe4 21. Nxe4 Nf6 22. cxd6 cxd6 23. Nxd6 Qd7 24. Ne4 Qxd5 25. Nxf6+ Bxf6 26. Qa2 Rd8 27. Qxd5+ Rxd5 28. Ra8+ Rd8 29. Rxd8+ Bxd8 30. Kf2 Kf7 31. Ke2 Ke6 32. Kd3 Kd5 33. g4 1/2-1/2

[Event "CRO-chT2 Center 25th"]
[Site "Croatia"]
[Date "2016.04.17"]
[Round "6.32"]
[White "Markovic, Vjeran"]
[Black "Jukic, Zeljko"]
[Result "1/2-1/2"]
[WhiteElo "2150"]
[BlackElo "2250"]
[PlyCount "49"]
[EventDate "2016.03.13"]
[EventType "team-tourn"]
[EventRounds "11"]
[EventCountry "CRO"]
[SourceTitle "EXT 2019"]
[Source "ChessBase"]
[SourceDate "2018.10.10"]
[SourceVersion "1"]
[SourceVersionDate "2018.10.10"]
[SourceQuality "1"]

1. Nf3 c5 2. g3 Nc6 3. Bg2 g6 4. 0-0 Bg7 5. c4 a6 6. Nc3 Rb8 7. d3 b5 8. cxb5 axb5 9. Qb3 Ba6 10. Ne4 Qb6 11. Be3 d6 12. Rac1 Bb7 13. a3 Nh6 14. Qa2 Qa5 15. Nfd2 Ba8 16. Nb3 Qd8 17. Nbd2 Nf5 18. b4 Ncd4 19. Nb3 cxb4 20. Nxd4 Nxd4 21. Bxd4 Bxd4 22. axb4 0-0 23. e3 Bg7 24. Rc2 Bxe4 25. Bxe4 1/2-1/2

[Event "CRO-chT2 Center 25th"]
[Site "Croatia"]
[Date "2016.04.10"]
[Round "4.42"]
[White "Bodiroga, Predrag"]
[Black "Jukic, Zeljko"]
[Result "1/2-1/2"]
[WhiteElo "2344"]
[BlackElo "2250"]
[PlyCount "27"]
[EventDate "2016.03.13"]
[EventType "team-tourn"]
[EventRounds "11"]
[EventCountry "CRO"]
[SourceTitle "EXT 2019"]
[Source "ChessBase"]
[SourceDate "2018.10.10"]
[SourceVersion "1"]
[SourceVersionDate "2018.10.10"]
[SourceQuality "1"]

1. e4 e6 2. d4 d5 3. Nc3 Bb4 4. e5 c5 5. a3 Bxc3+ 6. bxc3 Ne7 7. Nf3 Nbc6 8. Be2 Bd7 9. 0-0 Qa5 10. Bd2 c4 11. h4 Qa4 12. Ng5 h6 13. Nh3 0-0-0 14. Nf4 1/2-1/2

[Event "CRO-chT2 Center 25th"]
[Site "Croatia"]
[Date "2016.03.13"]
[Round "2.52"]
[White "Krstic, Uros"]
[Black "Jukic, Zeljko"]
[Result "1-0"]
[WhiteElo "2429"]
[BlackElo "2250"]
[PlyCount "101"]
[EventDate "2016.03.13"]
[EventType "team-tourn"]
[EventRounds "11"]
[EventCountry "CRO"]
[SourceTitle "EXT 2019"]
[Source "ChessBase"]
[SourceDate "2018.10.10"]
[SourceVersion "1"]
[SourceVersionDate "2018.10.10"]
[SourceQuality "1"]

1. e4 e6 2. d4 d5 3. Nd2 Be7 4. c3 c5 5. dxc5 Bxc5 6. Nb3 Bb6 7. exd5 Nf6 8. Nf3 Qxd5 9. Qxd5 Nxd5 10. g3 Bd7 11. Ne5 Ba4 12. Bg2 Nc6 13. Nc4 0-0-0 14. Nxb6+ Nxb6 15. 0-0 Bb5 16. Re1 Bc4 17. Bg5 f6 18. Be3 e5 19. Nc5 Rhe8 20. f4 Bd5 21. Bh3+ Kc7 22. b3 Bf7 23. c4 Nd4 24. Bxd4 Rxd4 25. fxe5 fxe5 26. Re3 Kc6 27. Ne4 Bg6 28. Bg2 Kc7 29. Nc5 e4 30. Rae1 Re5 31. Nxe4 Nd7 32. Nc3 Rxe3 33. Rxe3 Rd2 34. Nb5+ Kb8 35. a3 a6 36. Nc3 Rd3 37. Rxd3 Bxd3 38. Bf1 Bc2 39. b4 Kc7 40. Kf2 Kd6 41. Ke3 Ke5 42. c5 a5 43. Bg2 axb4 44. axb4 Nf6 45. Bxb7 Ng4+ 46. Kd2 Bf5 47. h3 Nf2 48. Ke3 Nxh3 49. c6 Kd6 50. Nb5+ Kd5 51. c7+ 1-0

[Event "CRO-chT2 Center"]
[Site "Croatia"]
[Date "2015.10.18"]
[Round "9.23"]
[White "Jukic, Zeljko"]
[Black "Balenovic, Zvonimir"]
[Result "1/2-1/2"]
[WhiteElo "2252"]
[BlackElo "2191"]
[PlyCount "65"]
[EventDate "2015.03.22"]
[EventType "team-tourn"]
[EventRounds "11"]
[EventCountry "CRO"]
[SourceTitle "EXT 2016"]
[Source "ChessBase"]
[SourceDate "2015.10.08"]
[SourceVersion "1"]
[SourceVersionDate "2015.10.08"]
[SourceQuality "1"]

1. d4 Nf6 2. Nf3 g6 3. g3 Bg7 4. Bg2 0-0 5. 0-0 d5 6. Nbd2 c6 7. c4 Nbd7 8. Qc2 Re8 9. b3 e5 10. dxe5 Nxe5 11. Nxe5 Rxe5 12. Nf3 Re8 13. Bb2 Bf5 14. Qd2 dxc4 15. Qxd8 Raxd8 16. Nd4 Bc8 17. bxc4 c5 18. Nb3 Rxe2 19. Rad1 Ree8 20. Rd2 Rxd2 21. Nxd2 b6 22. Nf3 Bb7 23. Rd1 Be4 24. h3 Nh5 25. Bxg7 Nxg7 26. Ng5 Bxg2 27. Kxg2 Ne6 28. Nxe6 Rxe6 29. Rd8+ Kg7 30. Rd7 a6 31. Rb7 b5 32. cxb5 axb5 33. Rxb5 1/2-1/2

[Event "CRO-chT2 Center"]
[Site "Croatia"]
[Date "2015.10.18"]
[Round "10.63"]
[White "Vukic, Aleksandar"]
[Black "Jukic, Zeljko"]
[Result "1/2-1/2"]
[WhiteElo "2142"]
[BlackElo "2252"]
[PlyCount "31"]
[EventDate "2015.03.22"]
[EventType "team-tourn"]
[EventRounds "11"]
[EventCountry "CRO"]
[SourceTitle "EXT 2016"]
[Source "ChessBase"]
[SourceDate "2015.10.08"]
[SourceVersion "1"]
[SourceVersionDate "2015.10.08"]
[SourceQuality "1"]

1. e4 e5 2. Nf3 Nc6 3. Bb5 a6 4. Ba4 Nf6 5. 0-0 b5 6. Bb3 Be7 7. Re1 0-0 8. c3 d6 9. h3 Bb7 10. d4 Re8 11. Ng5 Rf8 12. Nf3 Re8 13. Ng5 Rf8 14. Nf3 Re8 15. Ng5 Rf8 16. Nf3 1/2-1/2

[Event "CRO-chT2 Center"]
[Site "Croatia"]
[Date "2015.09.13"]
[Round "7.33"]
[White "Jukic, Zeljko"]
[Black "Ivekovic, Mario"]
[Result "1-0"]
[WhiteElo "2252"]
[BlackElo "2201"]
[PlyCount "75"]
[EventDate "2015.03.22"]
[EventType "team-tourn"]
[EventRounds "11"]
[EventCountry "CRO"]
[SourceTitle "EXT 2016"]
[Source "ChessBase"]
[SourceDate "2015.10.08"]
[SourceVersion "1"]
[SourceVersionDate "2015.10.08"]
[SourceQuality "1"]

1. d4 g6 2. c4 Bg7 3. e4 d6 4. Nc3 Nc6 5. Be3 e5 6. d5 Nce7 7. c5 f5 8. cxd6 cxd6 9. Qa4+ Bd7 10. Qb4 f4 11. Bd2 Qb6 12. Nb5 Bxb5 13. Bxb5+ Kf8 14. Rc1 Nf6 15. Bd3 Kf7 16. Nf3 h6 17. Qa3 Rhc8 18. 0-0 Rxc1 19. Rxc1 Rc8 20. Rxc8 Nxc8 21. Ba5 Qc5 22. Nxe5+ Kg8 23. Qxc5 dxc5 24. Nxg6 Ng4 25. Bc3 Bxc3 26. bxc3 Kf7 27. e5 Ne7 28. Nxe7 Kxe7 29. d6+ Kd8 30. e6 Nf6 31. Bg6 b5 32. Kf1 a5 33. Ke1 c4 34. Kd1 b4 35. Kc2 Kc8 36. Kb2 Kd8 37. cxb4 axb4 38. a3 1-0

[Event "CRO-chT2 Center"]
[Site "Zagreb"]
[Date "2012.10.14"]
[Round "7.21"]
[White "Slogar, Dubravko"]
[Black "Jukic, Zeljko"]
[Result "0-1"]
[WhiteElo "2327"]
[BlackElo "2247"]
[PlyCount "112"]
[EventDate "2012.03.18"]
[EventType "team-swiss"]
[EventRounds "11"]
[EventCountry "CRO"]
[SourceTitle "EXT 2019"]
[Source "ChessBase"]
[SourceDate "2018.10.10"]
[SourceVersion "1"]
[SourceVersionDate "2018.10.10"]
[SourceQuality "1"]

1. Nf3 Nf6 2. b3 g6 3. Bb2 Bg7 4. e3 0-0 5. Be2 c5 6. c4 Nc6 7. 0-0 b6 8. Nc3 Bb7 9. Rc1 Rc8 10. d4 cxd4 11. Nxd4 Nxd4 12. exd4 d5 13. Bf3 Qd7 14. Qe2 Ba6 15. Nb5 Bxb5 16. cxb5 Rfd8 17. a4 e6 18. h4 Qd6 19. Rxc8 Rxc8 20. Rc1 Rxc1+ 21. Bxc1 Qc7 22. Be3 Qc3 23. Qd1 h5 24. g3 Ne8 25. Bg2 Nd6 26. Bh3 Ne4 27. g4 hxg4 28. Bxg4 Nd6 29. Kg2 f5 30. Bf3 Bf6 31. Bf4 Nf7 32. Qe2 Qc8 33. h5 g5 34. Be5 Bxe5 35. dxe5 Qc7 36. Bxd5 exd5 37. e6 Ne5 38. Qd2 f4 39. Qxd5 Kg7 40. Qa8 f3+ 41. Kg3 Kf6 42. h6 Kxe6 43. Qg8+ Nf7+ 44. Kxf3 Qf4+ 45. Ke2 Qe4+ 46. Kd2 Qh4 47. h7 Qxf2+ 48. Kd3 Qh4 49. Ke3 Kf6 50. Qb8 Qh3+ 51. Ke2 g4 52. Qxa7 g3 53. Qxb6+ Kg7 54. Qg1 Qg4+ 55. Ke3 Nd6 56. Qh1 Nf5+ 0-1

[Event "CRO-chT2 Center"]
[Site "Croatia"]
[Date "2011.04.03"]
[Round "6.21"]
[White "Djodj, Goran"]
[Black "Jukic, Zeljko"]
[Result "1/2-1/2"]
[WhiteElo "1843"]
[BlackElo "2273"]
[PlyCount "49"]
[EventDate "2011.03.20"]
[EventType "team-tourn"]
[EventRounds "11"]
[EventCountry "CRO"]
[SourceTitle "EXT 2014"]
[Source "ChessBase"]
[SourceDate "2013.11.20"]
[SourceVersion "1"]
[SourceVersionDate "2013.11.20"]
[SourceQuality "1"]

1. d4 Nf6 2. c4 c5 3. d5 e5 4. Nc3 d6 5. Nf3 Be7 6. Qc2 Nbd7 7. a4 Nf8 8. a5 Ng6 9. g3 0-0 10. h4 Bg4 11. Nh2 Bd7 12. Nf3 h5 13. Ng5 Qc8 14. f3 Bf5 15. e4 Bd7 16. Bd3 Nh7 17. Nxh7 Kxh7 18. Bg5 Qd8 19. Bxe7 Qxe7 20. a6 b6 21. 0-0-0 Bc8 22. Qa4 Kg8 23. Rde1 Bd7 24. Qc2 Bc8 25. Qa4 1/2-1/2

[Event "CRO-chT2 Center"]
[Site "Zagreb"]
[Date "2010.10.24"]
[Round "11.41"]
[White "Urukalovic, Roman"]
[Black "Jukic, Zeljko"]
[Result "1-0"]
[WhiteElo "2260"]
[BlackElo "2272"]
[PlyCount "85"]
[EventDate "2010.03.21"]
[EventType "team-tourn"]
[EventRounds "11"]
[EventCountry "CRO"]
[SourceTitle "EXT 2012"]
[Source "ChessBase"]
[SourceDate "2011.11.24"]
[SourceVersion "1"]
[SourceVersionDate "2011.11.24"]
[SourceQuality "1"]

1. e4 e6 2. d4 d5 3. Nd2 a6 4. Ngf3 Nf6 5. e5 Nfd7 6. Bd3 c5 7. c3 Nc6 8. 0-0 g5 9. dxc5 g4 10. Nd4 Ndxe5 11. N2b3 Qc7 12. Bf4 Qe7 13. Re1 Nxd3 14. Qxd3 Nxd4 15. Qxd4 Rg8 16. Bd6 Qd7 17. Qxd5 Qc6 18. Qxc6+ bxc6 19. Bxf8 Kxf8 20. Na5 Bd7 21. Rad1 Be8 22. Rd6 Rg5 23. b4 Rc8 24. Red1 Ke7 25. Nc4 h5 26. R6d3 Rb8 27. Nb6 Re5 28. Nd7 Bxd7 29. Rxd7+ Kf6 30. Ra7 Rd8 31. Rf1 Rd2 32. Rxa6 Ree2 33. a4 h4 34. g3 e5 35. Rxc6+ Kf5 36. Rd6 Rc2 37. Rd3 e4 38. Re3 Red2 39. c6 Rd3 40. b5 Rdxc3 41. Rxc3 Rxc3 42. Rb1 e3 43. fxe3 1-0

[Event "CRO-chT2 Center"]
[Site "Zagreb"]
[Date "2010.10.17"]
[Round "9.31"]
[White "Belani, Marijan"]
[Black "Jukic, Zeljko"]
[Result "1/2-1/2"]
[WhiteElo "2156"]
[BlackElo "2272"]
[PlyCount "159"]
[EventDate "2010.03.21"]
[EventType "team-tourn"]
[EventRounds "11"]
[EventCountry "CRO"]
[SourceTitle "EXT 2012"]
[Source "ChessBase"]
[SourceDate "2011.11.24"]
[SourceVersion "1"]
[SourceVersionDate "2011.11.24"]
[SourceQuality "1"]

1. d4 Nf6 2. Nf3 g6 3. g3 Bg7 4. Bg2 0-0 5. 0-0 d5 6. c4 Nc6 7. cxd5 Nxd5 8. e4 Nb6 9. d5 Na5 10. Qc2 c6 11. dxc6 Nxc6 12. Rd1 Qe8 13. Be3 Bg4 14. h3 Bxf3 15. Bxf3 Rc8 16. Qb3 Rd8 17. Nc3 Bd4 18. Bh6 Bg7 19. Bxg7 Kxg7 20. Nd5 Nxd5 21. exd5 Ne5 22. Bg2 b6 23. Re1 f6 24. Rad1 Qd7 25. f4 Nf7 26. Re6 Nd6 27. Rde1 Rf7 28. a4 Qc7 29. Qd3 Rd7 30. b3 Qc5+ 31. Kh2 Qb4 32. Rc1 Nb7 33. Rc4 Qa3 34. Rc8 Qb4 35. Rc4 Qa3 36. Qc2 Nc5 37. Re3 a5 38. Rec3 Qa1 39. g4 Rf8 40. Re3 f5 41. g5 Rf7 42. Rec3 Qe1 43. b4 axb4 44. Rxb4 Rd6 45. a5 bxa5 46. Rb1 Qh4 47. Rxc5 Qxf4+ 48. Kh1 Qxg5 49. Qc3+ Rdf6 50. Rxa5 Qh4 51. Ra6 Kh6 52. Rxf6 Rxf6 53. Rf1 Ra6 54. Qe3+ Kg7 55. Re1 Kf8 56. Qe5 Qf6 57. Qb8+ Kf7 58. Qb3 Kf8 59. Qe3 Kf7 60. Qh6 Kg8 61. Qc1 Kf7 62. Qc4 Ra1 63. Rxa1 Qxa1+ 64. Bf1 Kg7 65. Qe2 Kf7 66. Kg2 Qf6 67. Qe3 Qb2+ 68. Be2 Qf6 69. Bc4 Kg7 70. Kf3 Qh4 71. Bf1 Qf6 72. Bd3 Qh4 73. Ke2 Qf6 74. Kd2 Kf7 75. Kc2 Qd6 76. Bc4 Kg7 77. Qc3+ Kh6 78. Qe1 Qc5 79. Kb3 Qb6+ 80. Kc2 1/2-1/2

[Event "CRO-chT2 Center"]
[Site "Zagreb"]
[Date "2010.10.17"]
[Round "10.41"]
[White "Jukic, Zeljko"]
[Black "Vidovic, Mario"]
[Result "1/2-1/2"]
[WhiteElo "2272"]
[BlackElo "2205"]
[PlyCount "38"]
[EventDate "2010.03.21"]
[EventType "team-tourn"]
[EventRounds "11"]
[EventCountry "CRO"]
[SourceTitle "EXT 2012"]
[Source "ChessBase"]
[SourceDate "2011.11.24"]
[SourceVersion "1"]
[SourceVersionDate "2011.11.24"]
[SourceQuality "1"]

1. d4 e6 2. c4 f5 3. g3 Nf6 4. Bg2 d5 5. b3 c6 6. Nh3 Bd6 7. 0-0 0-0 8. Bf4 Be7 9. Bc1 a5 10. Ba3 Bxa3 11. Nxa3 Qe7 12. Nc2 Na6 13. e3 Bd7 14. Ne1 Be8 15. Nd3 Nb4 16. Ne5 Na6 17. c5 Qc7 18. Nf4 Bf7 19. h4 Nb8 1/2-1/2

[Event "CRO-chT2 Center"]
[Site "Zagreb"]
[Date "2010.10.10"]
[Round "7.21"]
[White "Slogar, Dubravko"]
[Black "Jukic, Zeljko"]
[Result "1/2-1/2"]
[WhiteElo "2324"]
[BlackElo "2272"]
[PlyCount "41"]
[EventDate "2010.03.21"]
[EventType "team-tourn"]
[EventRounds "11"]
[EventCountry "CRO"]
[SourceTitle "EXT 2012"]
[Source "ChessBase"]
[SourceDate "2011.11.24"]
[SourceVersion "1"]
[SourceVersionDate "2011.11.24"]
[SourceQuality "1"]

1. d4 Nf6 2. Nf3 g6 3. c4 Bg7 4. Nc3 d5 5. cxd5 Nxd5 6. Bd2 0-0 7. e4 Nb6 8. Be3 Bg4 9. Be2 Bxf3 10. gxf3 e6 11. Qd2 Nc6 12. 0-0-0 Qh4 13. d5 exd5 14. Nxd5 Nxd5 15. Qxd5 Rad8 16. Qg5 Rxd1+ 17. Bxd1 Qh3 18. Qg4 Qxg4 19. fxg4 Re8 20. f3 Nd4 21. Bxd4 1/2-1/2

[Event "CRO-chT2 Center"]
[Site "Zagreb"]
[Date "2010.03.21"]
[Round "2.51"]
[White "Djurovic, Goran"]
[Black "Jukic, Zeljko"]
[Result "1-0"]
[WhiteElo "2276"]
[BlackElo "2272"]
[PlyCount "63"]
[EventDate "2010.03.21"]
[EventType "team-tourn"]
[EventRounds "11"]
[EventCountry "CRO"]
[SourceTitle "EXT 2012"]
[Source "ChessBase"]
[SourceDate "2011.11.24"]
[SourceVersion "1"]
[SourceVersionDate "2011.11.24"]
[SourceQuality "1"]

1. Nf3 f5 2. g3 Nf6 3. c4 g6 4. Bg2 Bg7 5. 0-0 0-0 6. Nc3 d6 7. d4 Qe8 8. d5 Na6 9. Nd4 Bd7 10. b3 c5 11. dxc6 bxc6 12. Ba3 Rb8 13. Qd2 Nc7 14. Rad1 c5 15. Nc2 Bc6 16. Ne3 Bh6 17. Bxc6 Qxc6 18. Nxf5 Bxd2 19. Nxe7+ Kf7 20. Nxc6 Bxc3 21. Nxb8 Rxb8 22. Rxd6 Ne6 23. Rfd1 Rb7 24. e3 Rc7 25. R6d3 Ba5 26. Bb2 Nf8 27. f3 Re7 28. Kf2 N8d7 29. Rd6 Ne5 30. Rxf6+ Kxf6 31. f4 Bc7 32. Rd5 1-0

[Event "Velika Gorica op 6th"]
[Site "Velika Gorica"]
[Date "2006.08.26"]
[Round "9"]
[White "Jukic, Zeljko"]
[Black "Ivekovic, Zvonimir"]
[Result "1-0"]
[WhiteElo "2246"]
[BlackElo "2050"]
[PlyCount "83"]
[EventDate "2006.08.19"]
[EventType "swiss"]
[EventRounds "9"]
[EventCountry "CRO"]
[SourceTitle "CBM 113 Extra"]
[Source "ChessBase"]
[SourceDate "2006.09.14"]
[SourceVersion "1"]
[SourceVersionDate "2006.09.14"]
[SourceQuality "1"]

1. Nf3 Nf6 2. c4 g6 3. Nc3 Bg7 4. e4 d6 5. d4 0-0 6. Be2 e5 7. Be3 Ng4 8. Bg5 Qe8 9. dxe5 Nxe5 10. Nd5 Nxf3+ 11. Bxf3 Qe5 12. Bd2 Na6 13. Bc3 Qe6 14. Bxg7 Kxg7 15. 0-0 c6 16. Nc3 Qxc4 17. Qxd6 Qb4 18. Qd2 Be6 19. a3 Qb6 20. b4 Rfd8 21. Qb2 f6 22. Be2 Nc5 23. Rad1 a5 24. Rxd8 Rxd8 25. Rb1 Nd3 26. Bxd3 Rxd3 27. Na4 Qd4 28. Qxd4 Rxd4 29. Nc5 Ba2 30. bxa5 Rc4 31. Ne6+ Kf7 32. Nd8+ Ke8 33. Rd1 Bb3 34. Nxb7 Ke7 35. Rb1 Bc2 36. Rc1 Kd7 37. f3 Kc7 38. a6 Kb6 39. Nd6 Rc5 40. Ne8 f5 41. Nf6 h6 42. Nd7+ 1-0

[Event "Velika Gorica op 6th"]
[Site "Velika Gorica"]
[Date "2006.08.23"]
[Round "6"]
[White "Raljic, Mirko"]
[Black "Jukic, Zeljko"]
[Result "0-1"]
[WhiteElo "2127"]
[BlackElo "2246"]
[PlyCount "66"]
[EventDate "2006.08.19"]
[EventType "swiss"]
[EventRounds "9"]
[EventCountry "CRO"]
[SourceTitle "CBM 113 Extra"]
[Source "ChessBase"]
[SourceDate "2006.09.14"]
[SourceVersion "1"]
[SourceVersionDate "2006.09.14"]
[SourceQuality "1"]

1. e4 e6 2. d4 d5 3. Nd2 Nf6 4. e5 Nfd7 5. f4 c5 6. c3 Nc6 7. Ngf3 Qb6 8. Nb3 cxd4 9. cxd4 a5 10. a4 Bb4+ 11. Kf2 f6 12. Be3 0-0 13. Bb5 fxe5 14. dxe5 Qd8 15. g3 Ndxe5 16. Nxe5 Nxe5 17. Kg2 Nc4 18. Bd4 e5 19. fxe5 Bf5 20. Rf1 Be4+ 21. Kg1 Qe7 22. Qe2 Nxe5 23. Bxe5 Qxe5 24. Bd3 h6 25. Rac1 Rxf1+ 26. Rxf1 Re8 27. Bxe4 dxe4 28. Rf2 Qd5 29. Qc2 Re6 30. Rf1 Rc6 31. Qd1 Qxd1 32. Rxd1 Rc2 33. Kh1 e3 0-1

[Event "Velika Gorica op 6th"]
[Site "Velika Gorica"]
[Date "2006.08.20"]
[Round "2"]
[White "Kovacevic, Blazimir"]
[Black "Jukic, Zeljko"]
[Result "1-0"]
[WhiteElo "2490"]
[BlackElo "2246"]
[PlyCount "107"]
[EventDate "2006.08.19"]
[EventType "swiss"]
[EventRounds "9"]
[EventCountry "CRO"]
[SourceTitle "CBM 113 Extra"]
[Source "ChessBase"]
[SourceDate "2006.09.14"]
[SourceVersion "1"]
[SourceVersionDate "2006.09.14"]
[SourceQuality "1"]

1. Nf3 Nf6 2. c4 c5 3. Nc3 d5 4. cxd5 Nxd5 5. d4 Nxc3 6. bxc3 g6 7. e3 Bg7 8. Bd3 0-0 9. 0-0 Nc6 10. Qe2 e5 11. dxc5 Qe7 12. Nd2 Qxc5 13. Ne4 Qa5 14. Rb1 Qc7 15. Ba3 Rd8 16. Rfd1 Bf5 17. g4 Bxe4 18. Bxe4 Rxd1+ 19. Rxd1 Rd8 20. c4 Rxd1+ 21. Qxd1 Bf8 22. Bxf8 Kxf8 23. Qa4 Na5 24. Bd5 b6 25. Kg2 Qe7 26. h3 Kg7 27. Kg3 h5 28. Qb5 hxg4 29. hxg4 Kf8 30. Kf3 Nb7 31. Bxb7 Qxb7+ 32. Qd5 Qe7 33. Ke4 f6 34. Qc6 Kg7 35. Kd5 Kh6 36. Qc8 Kg5 37. Ke4 Qd6 38. Qg8 Qd2 39. f3 Qc2+ 40. Kd5 Qd3+ 41. Kc6 Qxe3 42. Qd5 Kf4 43. Kb7 a5 44. Qe6 f5 45. Qxg6 Qxf3+ 46. Kxb6 Qe3+ 47. c5 fxg4 48. Qh6+ Kf3 49. Qxe3+ Kxe3 50. c6 g3 51. c7 g2 52. c8Q Ke2 53. Qg4+ Kf2 54. Qf5+ 1-0